Digial communications / (Record no. 189292)
[ view plain ]
| 000 -LEADER | |
|---|---|
| fixed length control field | 00870 a2200193 4500 |
| 003 - CONTROL NUMBER IDENTIFIER | |
| control field | Nust |
| 005 - DATE AND TIME OF LATEST TRANSACTION | |
| control field | 20221209111116.0 |
| 028 ## - PUBLISHER NUMBER | |
| Publisher number | Katson Books |
| 040 ## - CATALOGING SOURCE | |
| Transcribing agency | Nust |
| 082 ## - DEWEY DECIMAL CLASSIFICATION NUMBER | |
| Classification number | 621.382,SHA |
| 100 ## - MAIN ENTRY--PERSONAL NAME | |
| Personal name | Sharma, Sanjay |
| 9 (RLIN) | 217 |
| 245 ## - TITLE STATEMENT | |
| Title | Digial communications / |
| Statement of responsibility, etc. | Sanjay Sharma |
| 260 ## - PUBLICATION, DISTRIBUTION, ETC. | |
| Place of publication, distribution, etc. | New Delhi |
| Name of publisher, distributor, etc. | Katson Books |
| Date of publication, distribution, etc. | 2011 |
| 300 ## - PHYSICAL DESCRIPTION | |
| Extent | v, 583 |
| 505 ## - FORMATTED CONTENTS NOTE | |
| Formatted contents note | Introduction (Page-1), Probability Random Signals and Random Process (Page-36), Sampling Theory and Pulse Modulation (Page-97), Wave Coding Techniques (Page-146), Digital Multiplexers (Page-214), Digital Baseband Transmission (Page-236), Introduction to Signal Space Analysis (Page-314), Digital Modulation Techniques (Page-326), Information Theory (Page-391), Error Control Coding (Page-452). |
| 600 ## - SUBJECT ADDED ENTRY--PERSONAL NAME | |
| Personal name | Digital communication |
| 9 (RLIN) | 104544 |
| 610 ## - SUBJECT ADDED ENTRY--CORPORATE NAME | |
| Corporate name or jurisdiction name as entry element | Digital communication |
| 9 (RLIN) | 104545 |
| 942 ## - ADDED ENTRY ELEMENTS (KOHA) | |
| Source of classification or shelving scheme | |
| Koha item type | Book |
| Withdrawn status | Lost status | Source of classification or shelving scheme | Damaged status | Not for loan | Permanent Location | Current Location | Shelving location | Date acquired | Full call number | Barcode | Date last seen | Price effective from | Koha item type | Public note |
|---|---|---|---|---|---|---|---|---|---|---|---|---|---|---|
| Military College of Signals (MCS) | Military College of Signals (MCS) | General Stacks | 12/12/2016 | 621.382,SHA | MCS35036 | 12/08/2016 | 12/12/2016 | Book | Almirah No.35, Shelf No.5 |
